Statistics for Spot the Difference - Europe Map

Click here to take the quiz!

General Stats

  • This quiz has been taken 239 times
  • The average score is 6 of 8

Answer Stats

Country % Correct
United Kingdom
96%
Greece
92%
Ukraine
79%
Denmark
77%
Spain
69%
Austria
59%
Czechia
57%
Latvia
57%

Score Distribution

Percentile by Number Answered

Percent of People with Each Score

Your Score History

You have not taken this quiz